| 000 | 00465nam a22001577a 4500 | ||
|---|---|---|---|
| 999 |
_c18047 _d18047 |
||
| 003 | AR-CdUCM | ||
| 008 | 190511b ||||| |||| 00| 0 spa d | ||
| 040 |
_aMUNICIPALIDAD PROVINCIAL DEL CUSCO _cBIBLIOTECA MUNICIPAL DEL CUSCO |
||
| 082 |
_a301.158 / _bH66 |
||
| 100 |
_aHoffer, Eric _938397 |
||
| 245 | _aEl fanático sincero / | ||
| 260 |
_aMexico : _bLibreros Mexicanos Unidos, _c1964. |
||
| 300 |
_a236 páginas ; _c20 cm. |
||
| 942 |
_2ddc _cLIBROS |
||
| 945 | _awfj | ||